00413nam a2200157Ia 450000100060000000800410000602000180004704000130006508200160007810000230009424500720011725000080018926000400019730000110023754600070024830565140416s9999 xx 000 0 und d a0-87581-443-3 cPK-LaUMT a 306bROB-C aRichard H. Robbins aCultural anthropologyba problem-based approachcRichard H. Robbins a3rd aIllinois,USA:bF. E. Peaccok,c2001 a299 p. aEN